[Event "20th EUR-ch"]
[Site "Skopje MKD"]
[Date "2019.03.26"]
[Round "8"]
[White "Krstevski, Vladimir"]
[Black "Tadic, Katarina"]
[Result "0-1"]
[WhiteElo "1451"]
[BlackElo "2031"]
[EventDate "2019.03.18"]
[Board "177"]
[PlyCount "84"]

1.d4 d5 2.c4 Bf5 3.Nc3 e6 4.e3 c6 5.Nf3 Nd7 6.Be2 Bd6 7.O-O Ngf6 8.c5 Bc7 
9.b4 a6 10.Bd2 h6 11.h3 O-O 12.Nh2 e5 13.dxe5 Nxe5 14.Nf3 Nxf3+ 15.Bxf3 
Qe7 16.Ne2 Qe5 17.Ng3 Ne4 18.Bxe4 dxe4 19.Qe1 Be6 20.Bc3 Qg5 21.Nxe4 Qg6 
22.Ng3 h5 23.Qb1 Qh6 24.e4 Bxg3 25.fxg3 Qe3+ 26.Kh2 Qxc3 27.Rf3 Qe5 28.Kh1
Rad8 29.Qe1 Rd4 30.Re3 Rfd8 31.a3 Rd2 32.Qf1 Qd4 33.Rae1 Qb2 34.Qf3 Rf2 
35.Qxh5 Rxg2 36.R3e2 Rxe2 37.Rxe2 Qxa3 38.Qg5 Qf3+ 39.Rg2 Rd1+ 40.Kh2 Qxe4
41.g4 f6 42.Qh4 Qf4+ 0-1

[Event "20th EUR-ch"]
[Site "Skopje MKD"]
[Date "2019.03.27"]
[Round "9"]
[White "Esipenko, Andrei"]
[Black "Grandelius, Nils"]
[Result "1/2-1/2"]
[WhiteElo "2603"]
[BlackElo "2694"]
[EventDate "2019.03.18"]
[Board "2"]
[PlyCount "56"]

1.e4 c5 2.Nf3 d6 3.d4 cxd4 4.Nxd4 Nf6 5.Nc3 a6 6.Nb3 Nc6 7.Be3 e6 8.g4 b5 
9.Bg2 Ne5 10.g5 Nfd7 11.Qd4 Nc4 12.Bc1 Bb7 13.a4 Bc6 14.axb5 axb5 15.Rxa8 
Qxa8 16.O-O e5 17.Qd3 Be7 18.Nd5 Bxd5 19.Qxd5 Qxd5 20.exd5 O-O 21.Nd2 Rc8 
22.Nxc4 Rxc4 23.c3 b4 24.Bd2 bxc3 25.bxc3 Rc8 26.Bh3 Rd8 27.Bxd7 Rxd7 28.
c4 Rc7 1/2-1/2

[Event "20th EUR-ch"]
[Site "Skopje MKD"]
[Date "2019.03.27"]
[Round "9"]
[White "Rodshtein, Maxim"]
[Black "Korobov, Anton"]
[Result "1/2-1/2"]
[WhiteElo "2673"]
[BlackElo "2686"]
[EventDate "2019.03.18"]
[Board "3"]
[PlyCount "89"]

1.c4 e5 2.g3 Nc6 3.Nc3 g6 4.Bg2 Bg7 5.e3 d6 6.Nge2 h5 7.h4 Bg4 8.d3 Nge7 
9.b3 g5 10.hxg5 h4 11.Rxh4 Rxh4 12.gxh4 Nf5 13.Kd2 Nxh4 14.Qh1 Nxg2 15.
Qxg2 Qd7 16.Ba3 Bh3 17.Qf3 Bg4 18.Qg2 Bh3 19.Qg3 O-O-O 20.Rh1 Be6 21.Nd5 
Ne7 22.e4 Ng6 23.Qe3 Kb8 24.Nf6 Qe7 25.Nd5 Qd7 26.Nf6 Qe7 27.Qf3 c6 28.Kc2
Qc7 29.Kb1 Qa5 30.Bb2 b5 31.cxb5 Qxb5 32.d4 Bxf6 33.Nc3 Qa5 34.Qxf6 exd4 
35.b4 Qc7 36.Qxd4 c5 37.bxc5 dxc5 38.Qe3 Ka8 39.Rd1 Rb8 40.Nd5 Qb7 41.Rd2 
c4 42.Qd4 Ne7 43.Qxc4 Nxd5 44.exd5 Rd8 45.Qb3 1/2-1/2

[Event "20th EUR-ch"]
[Site "Skopje MKD"]
[Date "2019.03.27"]
[Round "9"]
[White "Alexeenko, Kirill"]
[Black "Oparin, Grigory"]
[Result "0-1"]
[WhiteElo "2644"]
[BlackElo "2613"]
[EventDate "2019.03.18"]
[Board "4"]
[PlyCount "78"]

1.e4 e5 2.Nf3 Nc6 3.Bb5 a6 4.Ba4 Nf6 5.O-O Be7 6.Re1 b5 7.Bb3 d6 8.c3 O-O 
9.h3 Nb8 10.d4 Nbd7 11.c4 c6 12.Nc3 b4 13.Na4 c5 14.d5 Re8 15.g3 Nf8 16.
Kg2 h6 17.Bc2 N6h7 18.a3 a5 19.b3 Bd7 20.Rh1 f5 21.exf5 e4 22.Nd2 Bf6 23.
Ra2 Bxf5 24.Re1 Ng5 25.h4 Nf3 26.Rxe4 Bxe4 27.Nxe4 Nd4 28.Bb1 Ra7 29.Be3 
Nf5 30.Bd2 Rf7 31.axb4 axb4 32.Qg4 Bd4 33.Nb2 Nxh4+ 34.Kh3 Nhg6 35.f4 Rfe7
36.Qf5 Nh8 37.Ra6 Rxe4 38.Bxe4 g6 39.Qg4 Rxe4 0-1

[Event "20th EUR-ch"]
[Site "Skopje MKD"]
[Date "2019.03.27"]
[Round "9"]
[White "Anton Guijarro, David"]
[Black "Bindrich, Falko"]
[Result "1-0"]
[WhiteElo "2643"]
[BlackElo "2610"]
[EventDate "2019.03.18"]
[Board "5"]
[PlyCount "158"]

1.c4 e6 2.Nc3 d5 3.d4 Nf6 4.cxd5 Nxd5 5.e4 Nxc3 6.bxc3 c5 7.Nf3 cxd4 8.
cxd4 Bb4+ 9.Bd2 Bxd2+ 10.Qxd2 O-O 11.Bc4 Nd7 12.O-O b6 13.Rad1 Bb7 14.Rfe1
Rc8 15.Bb3 Re8 16.d5 exd5 17.exd5 Nc5 18.d6 Bxf3 19.Rxe8+ Qxe8 20.gxf3 Qd7
21.Re1 Re8 22.Rxe8+ Qxe8 23.Qg5 Kf8 24.Qd5 h6 25.h4 Qe1+ 26.Kg2 Qe8 27.Bc4
Ne6 28.Qb7 Qd8 29.Bxe6 fxe6 30.Qc7 Ke8 31.Qxa7 Qxh4 32.Qxg7 Qd8 33.Qh8+ 
Kd7 34.Qxh6 Qg8+ 35.Kf1 Kxd6 36.Qe3 Kc6 37.Qe4+ Kd6 38.Ke2 Qg5 39.Qd4+ Kc7
40.Qc3+ Kb7 41.Qc4 Qf6 42.Ke3 Qa1 43.Kf4 Qf6+ 44.Kg3 Qg5+ 45.Qg4 Qf6 46.
Qe4+ Ka7 47.f4 Qg7+ 48.Kh4 Qf6+ 49.Kh5 Qf7+ 50.Kg5 Qg7+ 51.Qg6 Qe7+ 52.Qf6
Qd7 53.Qe5 Qf7 54.Qf6 Qg8+ 55.Kh6 Ka6 56.Qe7 Qg4 57.Qa3+ Kb7 58.Qg3 Qe2 
59.a3 Kc6 60.Kg7 Kd7 61.Kf6 Qb2+ 62.Kf7 Qc2 63.Qg5 Qh7+ 64.Kf8 Qh8+ 65.Qg8
Qh4 66.Qg7+ Kc6 67.Qc3+ Kd7 68.Qd4+ Kc7 69.Kf7 Qh3 70.a4 Qf5+ 71.Qf6 Qh7+ 
72.Qg7 Qf5+ 73.Ke8+ Kc8 74.Qd7+ Kb8 75.Ke7 Qh7+ 76.Kd6 Qd3+ 77.Kc6 Qc2+ 
78.Kxb6 Qxf2+ 79.Ka6 Qc5 1-0

[Event "20th EUR-ch"]
[Site "Skopje MKD"]
[Date "2019.03.27"]
[Round "9"]
[White "Can, Emre"]
[Black "Zviagintsev, Vadim"]
[Result "1/2-1/2"]
[WhiteElo "2586"]
[BlackElo "2642"]
[EventDate "2019.03.18"]
[Board "6"]
[PlyCount "27"]

1.d4 d5 2.Nf3 e6 3.c4 a6 4.Bg5 Be7 5.Bxe7 Qxe7 6.Nbd2 Nf6 7.Rc1 O-O 8.g3 
c6 9.Bg2 Nbd7 10.O-O e5 11.dxe5 Nxe5 12.Nxe5 Qxe5 13.cxd5 cxd5 14.Rc3 
1/2-1/2

[Event "20th EUR-ch"]
[Site "Skopje MKD"]
[Date "2019.03.27"]
[Round "9"]
[White "Lysyi, Igor"]
[Black "Pantsulaia, Levan"]
[Result "1/2-1/2"]
[WhiteElo "2635"]
[BlackElo "2611"]
[EventDate "2019.03.18"]
[Board "7"]
[PlyCount "148"]

1.d4 Nf6 2.c4 c5 3.d5 g6 4.Nc3 Bg7 5.e4 d6 6.Nf3 O-O 7.Be2 e6 8.O-O exd5 
9.exd5 Re8 10.h3 Bf5 11.Re1 Na6 12.g4 Bd7 13.Bg5 h6 14.Bh4 Qb6 15.Qd2 Ne4 
16.Nxe4 Rxe4 17.Bd3 Ree8 18.Bg3 Nb4 19.Bf1 a5 20.a3 Na6 21.Qf4 g5 22.Qxd6 
Qxd6 23.Bxd6 Bxb2 24.Ra2 Rxe1 25.Nxe1 Bc3 26.Nd3 Bd4 27.Be5 b6 28.Bxd4 
cxd4 29.Rb2 Rb8 30.Kg2 Kf8 31.Kf3 f5 32.Ne5 Ke7 33.gxf5 Nc5 34.Rd2 Rb7 35.
Nxd7 Rxd7 36.Rxd4 Kf6 37.h4 Ke5 38.Ke3 Kf6 39.hxg5+ hxg5 40.f3 Re7+ 41.Kf2
Rh7 42.Rd1 Rh2+ 43.Kg3 Rh7 44.Rb1 Nd7 45.Bd3 Rh4 46.Be4 Ke5 47.Rb5 Rf4 48.
Rb2 Rh4 49.Rb5 Rf4 50.Rb1 Rh4 51.Re1 Kd6 52.f6 Rf4 53.f7 Rxf7 54.Bd3 Ne5 
55.Be2 Kc5 56.Rb1 Rf6 57.a4 Kd4 58.Re1 Rf4 59.d6 Rf6 60.d7 Nxd7 61.Rd1+ 
Ke3 62.Rxd7 Kxe2 63.Re7+ Kd3 64.Re5 Kxc4 65.Rxg5 Kb3 66.Rg4 b5 67.axb5 a4 
68.Re4 a3 69.Re3+ Kb4 70.f4 Rg6+ 71.Kh4 Rg1 72.b6 a2 73.b7 Rg8 74.Re1 Rb8 
1/2-1/2

[Event "20th EUR-ch"]
[Site "Skopje MKD"]
[Date "2019.03.27"]
[Round "9"]
[White "Ter-Sahakian, Samvel"]
[Black "Gledura, Benjamin"]
[Result "1/2-1/2"]
[WhiteElo "2590"]
[BlackElo "2630"]
[EventDate "2019.03.18"]
[Board "8"]
[PlyCount "122"]

1.e4 c5 2.Nf3 Nc6 3.d4 cxd4 4.Nxd4 Nf6 5.Nc3 e5 6.Ndb5 d6 7.Nd5 Nxd5 8.
exd5 Nb8 9.a4 Be7 10.Be2 O-O 11.O-O Nd7 12.Bd2 f5 13.a5 a6 14.Na3 e4 15.
Nc4 Ne5 16.Nb6 Rb8 17.f4 exf3 18.Bxf3 Bg5 19.c4 Qf6 20.Ra3 Qh6 21.Bxg5 
Qxg5 22.c5 f4 23.cxd6 Qf6 24.Rc3 Qxd6 25.Qd4 Bf5 26.Nc4 Nxc4 27.Rxc4 Bd7 
28.Qc5 Qxc5+ 29.Rxc5 b6 30.Rc7 Bb5 31.Re1 Rbe8 32.Rxe8 Rxe8 33.Kf2 bxa5 
34.Bg4 Kf8 35.Be6 Re7 36.Rc8+ Re8 37.Rc7 Re7 38.Rc8+ Re8 39.Rc3 Ke7 40.
Rc7+ Kd6 41.Rxg7 Rb8 42.Kf3 Ba4 43.Kxf4 Rxb2 44.Rxh7 Bb5 45.Rh6 a4 46.Bc8+
Kc5 47.Bxa6 a3 48.Bxb5 a2 49.Ra6 Kxb5 50.Ra3 Rb4+ 51.Ke5 Ra4 52.Rxa2 Rxa2 
53.g4 Kc5 54.g5 Re2+ 55.Kf6 Kd6 56.h4 Rf2+ 57.Kg7 Rf5 58.Kg6 Rxd5 59.Kf6 
Kd7 60.h5 Ke8 61.h6 Rxg5 1/2-1/2

[Event "20th EUR-ch"]
[Site "Skopje MKD"]
[Date "2019.03.27"]
[Round "9"]
[White "Alexandrov, Alexei"]
[Black "Bosiocic, Marin"]
[Result "1/2-1/2"]
[WhiteElo "2574"]
[BlackElo "2614"]
[EventDate "2019.03.18"]
[Board "9"]
[PlyCount "54"]

1.d4 Nf6 2.c4 e6 3.Nc3 Bb4 4.e3 O-O 5.Bd2 d5 6.Nf3 b6 7.Rc1 a6 8.cxd5 exd5
9.Bd3 Bb7 10.O-O Bd6 11.Ne5 c5 12.Be1 Nc6 13.f4 cxd4 14.Nxc6 Bxc6 15.Ne2 
Bd7 16.Nxd4 Re8 17.Qb3 Qe7 18.Rf3 Bg4 19.Rg3 Bc5 20.Bd2 Qd7 21.h3 Bxd4 22.
exd4 Bf5 23.Qxb6 Bxd3 24.Qxf6 Bg6 25.Qg5 Re2 26.Bc3 Rae8 27.Rf1 f6 1/2-1/2

[Event "20th EUR-ch"]
[Site "Skopje MKD"]
[Date "2019.03.27"]
[Round "9"]
[White "Ragger, Markus"]
[Black "Blubaum, Matthias"]
[Result "1/2-1/2"]
[WhiteElo "2696"]
[BlackElo "2616"]
[EventDate "2019.03.18"]
[Board "11"]
[PlyCount "37"]

1.e4 e6 2.d4 d5 3.Nd2 c5 4.Ngf3 cxd4 5.Nxd4 Nf6 6.exd5 Nxd5 7.Ne4 Be7 8.
Bc4 O-O 9.O-O a6 10.c3 Nf6 11.Qf3 Nbd7 12.Nxf6+ Bxf6 13.Bb3 Qc7 14.Rd1 Nc5
15.Bc2 Bd7 16.Nb3 Nxb3 17.axb3 Bc6 18.Qg4 g6 19.Bg5 1/2-1/2

[Event "20th EUR-ch"]
[Site "Skopje MKD"]
[Date "2019.03.27"]
[Round "9"]
[White "Paravian, David"]
[Black "Cheparinov, Ivan"]
[Result "0-1"]
[WhiteElo "2627"]
[BlackElo "2683"]
[EventDate "2019.03.18"]
[Board "12"]
[PlyCount "84"]

1.e4 c5 2.Nf3 d6 3.Bb5+ Nd7 4.O-O a6 5.Be2 Ngf6 6.d3 e6 7.a4 b6 8.Ng5 h6 
9.Nh3 d5 10.exd5 Nxd5 11.Bf3 Ra7 12.Bxd5 exd5 13.Re1+ Be7 14.Qg4 Kf8 15.
Nc3 Nf6 16.Qd1 Bg4 17.Qd2 Qd7 18.d4 Bxh3 19.gxh3 Qxh3 20.Qf4 g5 21.Re3 Qd7
22.Qe5 Rb7 23.Rf3 Qg4+ 24.Rg3 Qxd4 25.Qf5 Rd7 26.Rd3 Qh4 27.a5 b5 28.Nxd5 
Rxd5 29.Rxd5 Nxd5 30.Qxd5 Qg4+ 31.Kh1 Qd4 32.Qf5 Qf6 33.Qxf6 Bxf6 34.Be3 
Bxb2 35.Rd1 Bd4 36.Bxd4 cxd4 37.Rxd4 Ke7 38.c4 Rd8 39.Re4+ Kd6 40.cxb5 
axb5 41.Rd4+ Kc7 42.Re4 Kb7 0-1

[Event "20th EUR-ch"]
[Site "Skopje MKD"]
[Date "2019.03.27"]
[Round "9"]
[White "Nisipeanu, Liviu-Dieter"]
[Black "Predke, Alexander"]
[Result "1-0"]
[WhiteElo "2670"]
[BlackElo "2611"]
[EventDate "2019.03.18"]
[Board "13"]
[PlyCount "75"]

1.e4 e5 2.Nf3 Nc6 3.Bb5 Nf6 4.d3 d6 5.O-O Be7 6.c3 O-O 7.Nbd2 a6 8.Ba4 b5 
9.Bc2 Re8 10.Re1 Bf8 11.h3 Bb7 12.Nf1 h6 13.Ng3 d5 14.Qe2 g6 15.h4 dxe4 
16.dxe4 Na5 17.h5 c5 18.hxg6 fxg6 19.Nh4 Kh7 20.f4 c4 21.f5 Bc5+ 22.Kh1 g5
23.Nf3 Qb6 24.Rf1 Nc6 25.Nh5 Ne7 26.Nxg5+ hxg5 27.Bxg5 Neg8 28.Rf3 Kh8 29.
Rh3 Nh7 30.Qg4 Bf8 31.Rd1 Bc8 32.Nf4 exf4 33.Qh5 Qc7 34.Qxe8 Bxf5 35.Qxa8 
Bxh3 36.gxh3 f3 37.e5 Qg7 38.Bxh7 1-0

[Event "20th EUR-ch"]
[Site "Skopje MKD"]
[Date "2019.03.27"]
[Round "9"]
[White "Postny, Evgeny"]
[Black "Ponomariov, Ruslan"]
[Result "0-1"]
[WhiteElo "2619"]
[BlackElo "2667"]
[EventDate "2019.03.18"]
[Board "14"]
[PlyCount "76"]

1.d4 Nf6 2.c4 e6 3.Nf3 d5 4.Nc3 a6 5.cxd5 exd5 6.Bg5 Be6 7.e3 Nbd7 8.Bd3 
h6 9.Bh4 g5 10.Bg3 Nh5 11.Be5 Nhf6 12.Bg3 Nh5 13.Qc2 c6 14.O-O-O Qa5 15.
Nd2 Nxg3 16.hxg3 O-O-O 17.Nb3 Qc7 18.Na4 Kb8 19.Kb1 h5 20.Rc1 Be7 21.Qd2 
h4 22.gxh4 Rxh4 23.g3 Rhh8 24.Qc3 Ka7 25.Nac5 Bg4 26.Rxh8 Rxh8 27.Nxb7 
Kxb7 28.Na5+ Ka8 29.Nxc6 Nb8 30.Nxe7 Qxe7 31.Qa5 Qd6 32.e4 Rc8 33.Rxc8 
Bxc8 34.e5 Qe6 35.f3 Bb7 36.Qd2 Qb6 37.Bc2 Nc6 38.Qxg5 Qxd4 0-1

[Event "20th EUR-ch"]
[Site "Skopje MKD"]
[Date "2019.03.27"]
[Round "9"]
[White "Berkes, Ferenc"]
[Black "Azarov, Sergei"]
[Result "1-0"]
[WhiteElo "2666"]
[BlackElo "2585"]
[EventDate "2019.03.18"]
[Board "15"]
[PlyCount "82"]

1.d4 Nf6 2.c4 e6 3.Nc3 Bb4 4.a3 Bxc3+ 5.bxc3 c5 6.f3 Nc6 7.e4 O-O 8.e5 Ne8
9.f4 b6 10.Nf3 Ba6 11.Bd3 f5 12.d5 Na5 13.d6 g6 14.Qe2 Ng7 15.Be3 Qc8 16.
O-O Qc6 17.a4 Rae8 18.h3 Qa8 19.Ra2 Bb7 20.Qe1 Ba6 21.Nd2 Bb7 22.Qf2 Bc6 
23.Kh2 Qd8 24.Qe1 Rf7 25.Nf3 Rff8 26.Bf2 Nh5 27.Bh4 Qa8 28.Qe3 h6 29.Raf2 
Be4 30.Be2 Rf7 31.Nd2 Ng7 32.g4 Kh7 33.Rg1 Rg8 34.Qg3 Bb7 35.Bf6 Qf8 36.
Qh4 Rh8 37.Bf3 fxg4 38.Bxb7 Nxb7 39.Qxg4 Rxf6 40.Ne4 h5 41.Qg5 Qd8 1-0

[Event "20th EUR-ch"]
[Site "Skopje MKD"]
[Date "2019.03.27"]
[Round "9"]
[White "Edouard, Romain"]
[Black "Huzman, Alexander"]
[Result "1/2-1/2"]
[WhiteElo "2658"]
[BlackElo "2582"]
[EventDate "2019.03.18"]
[Board "16"]
[PlyCount "113"]

1.d4 Nf6 2.c4 g6 3.Nc3 d5 4.cxd5 Nxd5 5.e4 Nxc3 6.bxc3 Bg7 7.Nf3 c5 8.h3 
O-O 9.Be2 Nc6 10.Be3 cxd4 11.cxd4 f5 12.Bc4+ Kh8 13.O-O fxe4 14.Ng5 Nxd4 
15.Nf7+ Rxf7 16.Bxf7 Qd6 17.Qd2 Bd7 18.Rad1 e5 19.Rfe1 Bc6 20.Bb3 Qa3 21.
Bh6 Rf8 22.Bxg7+ Kxg7 23.Qc3 a5 24.Rc1 a4 25.Bc4 Qe7 26.a3 Qf6 27.Qe3 Nf5 
28.Qd2 Rd8 29.Qe2 h5 30.Red1 Rf8 31.Bd5 Nd4 32.Rxd4 exd4 33.Bxc6 bxc6 34.
Qxe4 Qxf2+ 35.Kh1 Qf4 36.Qxc6 Kh6 37.Rd1 Qe3 38.Qxa4 d3 39.Qb3 Rd8 40.Qc3 
Qe2 41.Re1 Rc8 42.Qa5 Qf2 43.Rd1 Qe3 44.Qb4 Rd8 45.a4 d2 46.a5 Rd7 47.a6 
Qe2 48.Qf4+ Kh7 49.Qa4 Re7 50.a7 Qe1+ 51.Kh2 Qe5+ 52.Kh1 Qg3 53.Rg1 d1=Q 
54.Rxd1 Re1+ 55.Rxe1 Qxe1+ 56.Kh2 Qe5+ 57.Kh1 1/2-1/2

[Event "20th EUR-ch"]
[Site "Skopje MKD"]
[Date "2019.03.27"]
[Round "9"]
[White "Lupulescu, Constantin"]
[Black "Kovalenko, Igor"]
[Result "1-0"]
[WhiteElo "2611"]
[BlackElo "2658"]
[EventDate "2019.03.18"]
[Board "17"]
[PlyCount "139"]

1.d4 Nf6 2.c4 g6 3.Nc3 Bg7 4.e4 d6 5.h3 O-O 6.Be3 c5 7.Nf3 cxd4 8.Nxd4 Nc6
9.Be2 Qb6 10.Nb3 Qc7 11.O-O b6 12.Nd5 Qb7 13.Qc2 Nd7 14.f4 Nc5 15.f5 Be5 
16.Bh6 f6 17.Bxf8 Kxf8 18.Rad1 Kg7 19.Bf3 Bd7 20.Ne3 Qa6 21.Nc1 Rg8 22.Qd2
Qa4 23.b3 Qa3 24.Ne2 Kh8 25.Ng4 Rg7 26.Kh1 Be8 27.Nxe5 Nxe5 28.Nd4 Bd7 29.
Rb1 Ncd3 30.Be2 Nc5 31.Bf3 Ncd3 32.Rbd1 a5 33.Qe3 Nc5 34.Rfe1 Rg8 35.Rd2 
Kg7 36.Qc3 Na6 37.Nc2 Qc5 38.Ne3 Qc8 39.Nd5 Qd8 40.Qc2 Nb4 41.Qb1 Kh8 42.
Bd1 gxf5 43.exf5 Qf8 44.Qe4 b5 45.a3 Nxd5 46.cxd5 Qh6 47.Qe3 Rg5 48.Rf1 
Qf8 49.Bc2 a4 50.Be4 Qg7 51.Re2 Rg3 52.Qb6 Qf8 53.Re3 Rg8 54.Qd4 axb3 55.
Rxb3 Qh6 56.Qe3 Qh4 57.Kg1 Ra8 58.Qf4 Qh5 59.Rg3 Rc8 60.Rc1 Ra8 61.Kh2 Nc4
62.Rcc3 Rc8 63.Bd3 Ne5 64.Rxc8+ Bxc8 65.Bxb5 Bd7 66.Bxd7 Nxd7 67.a4 Nc5 
68.a5 Qe8 69.Qg4 Qf8 70.Qe2 1-0

[Event "20th EUR-ch"]
[Site "Skopje MKD"]
[Date "2019.03.27"]
[Round "9"]
[White "Hracek, Zbynek"]
[Black "Gelfand, Boris"]
[Result "1/2-1/2"]
[WhiteElo "2578"]
[BlackElo "2655"]
[EventDate "2019.03.18"]
[Board "18"]
[PlyCount "53"]

1.e4 c5 2.Nf3 Nc6 3.d4 cxd4 4.Nxd4 Nf6 5.Nc3 e5 6.Ndb5 d6 7.Bg5 a6 8.Na3 
b5 9.Nd5 Be7 10.Bxf6 Bxf6 11.c4 b4 12.Nc2 O-O 13.g3 Be6 14.Bg2 Rb8 15.
Nxf6+ Qxf6 16.b3 Qe7 17.O-O a5 18.Re1 Qc7 19.Re3 a4 20.h4 Ra8 21.Kh2 Ra6 
22.Bh3 Qa7 23.Rb1 axb3 24.axb3 Ra2 25.Kg2 Qd7 26.Bxe6 fxe6 27.Re2 1/2-1/2

[Event "20th EUR-ch"]
[Site "Skopje MKD"]
[Date "2019.03.27"]
[Round "9"]
[White "Deac, Bogdan-Daniel"]
[Black "Kuzubov, Yuriy"]
[Result "1/2-1/2"]
[WhiteElo "2609"]
[BlackElo "2644"]
[EventDate "2019.03.18"]
[Board "19"]
[PlyCount "50"]

1.e4 c5 2.Nf3 Nc6 3.d4 cxd4 4.Nxd4 Nf6 5.Nc3 e5 6.Ndb5 d6 7.Bg5 a6 8.Na3 
b5 9.Nd5 Be7 10.Bxf6 Bxf6 11.c3 Rb8 12.Nc2 Bg5 13.a4 bxa4 14.Ncb4 Nxb4 15.
cxb4 O-O 16.Rxa4 a5 17.b5 Bd7 18.Nc3 d5 19.Nxd5 Be7 20.Qb3 Be6 21.Nxe7+ 
Qxe7 22.Bc4 Bxc4 23.Rxc4 Qb7 24.O-O Qxb5 25.Qc3 Qxb2 1/2-1/2

[Event "20th EUR-ch"]
[Site "Skopje MKD"]
[Date "2019.03.27"]
[Round "9"]
[White "Bartel, Mateusz"]
[Black "Yilmaz, Mustafa"]
[Result "1/2-1/2"]
[WhiteElo "2600"]
[BlackElo "2636"]
[EventDate "2019.03.18"]
[Board "20"]
[PlyCount "46"]

1.e4 c5 2.Nf3 d6 3.Bb5+ Bd7 4.Bxd7+ Qxd7 5.O-O Nf6 6.Qe2 Nc6 7.Rd1 Rc8 8.
c3 e6 9.d4 cxd4 10.Bg5 Be7 11.cxd4 h6 12.Bh4 O-O 13.Nc3 d5 14.e5 Nh7 15.
Bxe7 Nxe7 16.Ne1 Rc4 17.Nc2 a6 18.Ne3 Rc7 19.a4 f6 20.f4 fxe5 21.fxe5 Nf5 
22.Nxf5 Rxf5 23.Rf1 Rxf1+ 1/2-1/2

[Event "20th EUR-ch"]
[Site "Skopje MKD"]
[Date "2019.03.27"]
[Round "9"]
[White "Hovhannisian, Robert"]
[Black "Sychev, Klementy"]
[Result "1/2-1/2"]
[WhiteElo "2634"]
[BlackElo "2545"]
[EventDate "2019.03.18"]
[Board "21"]
[PlyCount "80"]

1.e4 c5 2.Nf3 d6 3.Nc3 a6 4.d4 cxd4 5.Qxd4 Nc6 6.Qd3 Nf6 7.Be2 Bg4 8.O-O 
e6 9.Bf4 Qc7 10.Rad1 Rd8 11.h3 Bxf3 12.Qxf3 Be7 13.Qg3 O-O 14.Bh6 Ne8 15.
Be3 b5 16.f4 Nf6 17.Bf3 Na5 18.e5 dxe5 19.fxe5 Bc5 20.Bxc5 Qxc5+ 21.Kh2 
Nd7 22.Rxd7 Rxd7 23.Ne4 Qc7 24.Nf6+ Kh8 25.Nxd7 Qxd7 26.Be4 Qc7 27.b3 Nc6 
28.Bxc6 Qxc6 29.c4 Kg8 30.Rc1 Qc5 31.b4 Qxb4 32.c5 Qd2 33.Rc3 Rc8 34.c6 h6
35.Rc5 Qd4 36.Qa3 Qf4+ 37.Kh1 Qf1+ 38.Kh2 Qf4+ 39.Kh1 Qf1+ 40.Kh2 Qf4+ 
1/2-1/2

[Event "20th EUR-ch"]
[Site "Skopje MKD"]
[Date "2019.03.27"]
[Round "9"]
[White "Demidov, Mikhail"]
[Black "Fridman, Daniel"]
[Result "1/2-1/2"]
[WhiteElo "2520"]
[BlackElo "2633"]
[EventDate "2019.03.18"]
[Board "22"]
[PlyCount "58"]

1.d4 d5 2.c4 e6 3.Nc3 Be7 4.Nf3 Nf6 5.Bg5 h6 6.Bh4 O-O 7.e3 Ne4 8.Bxe7 
Qxe7 9.cxd5 Nxc3 10.bxc3 exd5 11.Qb3 Rd8 12.Be2 c5 13.a4 Nc6 14.a5 Rb8 15.
Qa3 c4 16.Qxe7 Nxe7 17.Nd2 b5 18.axb6 axb6 19.f3 b5 20.Kf2 Be6 21.Rhb1 Nc6
22.e4 b4 23.exd5 Bxd5 24.Nxc4 bxc3 25.Rxb8 Rxb8 26.Rc1 Nxd4 27.Rxc3 Rc8 
28.Bd3 Ne6 29.Rc2 Nd4 1/2-1/2

[Event "20th EUR-ch"]
[Site "Skopje MKD"]
[Date "2019.03.27"]
[Round "9"]
[White "Dragnev, Valentin"]
[Black "Rakhmanov, Alexander"]
[Result "1/2-1/2"]
[WhiteElo "2511"]
[BlackElo "2629"]
[EventDate "2019.03.18"]
[Board "23"]
[PlyCount "65"]

1.e4 d5 2.exd5 Qxd5 3.Nc3 Qd8 4.d4 Nf6 5.Nf3 Bg4 6.h3 Bxf3 7.Qxf3 c6 8.Bf4
e6 9.O-O-O Bb4 10.Ne4 Nxe4 11.Qxe4 Qd5 12.Qxd5 cxd5 13.c4 dxc4 14.Bxc4 Nd7
15.Kb1 Ke7 16.Bg5+ f6 17.Bc1 Nb6 18.Bb3 a5 19.a3 a4 20.Ba2 Ba5 21.d5 Nxd5 
22.Bxd5 exd5 23.Rxd5 Rhd8 24.Rb5 Rd7 25.Bf4 Bd8 26.Rc1 Ra5 27.Rcc5 Rxb5 
28.Rxb5 b6 29.Rb4 Ra7 30.Be3 Ra6 31.Kc2 Bc7 32.Kd3 Kd7 33.Rg4 1/2-1/2

[Event "20th EUR-ch"]
[Site "Skopje MKD"]
[Date "2019.03.27"]
[Round "9"]
[White "Movsesian, Sergei"]
[Black "Repka, Christopher"]
[Result "1-0"]
[WhiteElo "2627"]
[BlackElo "2466"]
[EventDate "2019.03.18"]
[Board "24"]
[PlyCount "101"]

1.e4 e5 2.Nf3 Nc6 3.Bb5 a6 4.Ba4 Nf6 5.O-O Be7 6.d3 d6 7.c3 O-O 8.Re1 Bg4 
9.Nbd2 Nd7 10.h3 Bh5 11.Bc2 Nc5 12.g4 Bg6 13.d4 exd4 14.cxd4 Nd7 15.a3 h5 
16.Kg2 Nf6 17.d5 Ne5 18.Nxe5 dxe5 19.Nc4 hxg4 20.hxg4 Nd7 21.Rh1 Bg5 22.
Qf3 Bxc1 23.Raxc1 Qg5 24.Qh3 f6 25.d6 Nc5 26.dxc7 Ne6 27.Qh4 Qxh4 28.Rxh4 
Rfc8 29.Nb6 Rxc7 30.Nxa8 Rxc2 31.Rxc2 Bxe4+ 32.Kg3 Bxc2 33.Nb6 Be4 34.f3 
Bc6 35.Nc8 Kf7 36.Nd6+ Ke7 37.Nf5+ Kf7 38.Rh8 Ng5 39.Rc8 Bxf3 40.Rc7+ Kf8 
41.Nxg7 Bc6 42.Kh4 e4 43.Nf5 Nf3+ 44.Kg3 Ne5 45.Nd4 Bd5 46.Kf4 Ke8 47.Kf5 
Kd8 48.Rg7 Nd7 49.Ne6+ Bxe6+ 50.Kxe6 Ne5 51.g5 1-0

[Event "20th EUR-ch"]
[Site "Skopje MKD"]
[Date "2019.03.27"]
[Round "9"]
[White "Eljanov, Pavel"]
[Black "Petrov, Nikita"]
[Result "0-1"]
[WhiteElo "2682"]
[BlackElo "2591"]
[EventDate "2019.03.18"]
[Board "29"]
[PlyCount "80"]

1.d4 Nf6 2.c4 e6 3.Nf3 a6 4.Nc3 d5 5.cxd5 exd5 6.Bg5 Be6 7.e3 Nbd7 8.Bd3 
h6 9.Bf4 g5 10.Bg3 Nh5 11.Be5 Nhf6 12.Bg3 Nh5 13.Be5 Nhf6 14.Qb3 g4 15.
Bxf6 Nxf6 16.Ne5 Bd6 17.Qxb7 Bxe5 18.dxe5 Nd7 19.O-O O-O 20.Rfd1 Nxe5 21.
Bf1 c6 22.Qb4 Qf6 23.Qd4 a5 24.Na4 h5 25.Rac1 Qg7 26.Be2 h4 27.Kh1 Rab8 
28.a3 Rfe8 29.Rc5 Bf5 30.Rxa5 h3 31.Nc5 hxg2+ 32.Kxg2 Qh6 33.Kh1 Qh3 34.
Ra7 Rxb2 35.Qxb2 Nf3 36.Bxf3 Qxf3+ 37.Kg1 Qxd1+ 38.Kg2 Qf3+ 39.Kf1 g3 40.
hxg3 Bg4 0-1

[Event "20th EUR-ch"]
[Site "Skopje MKD"]
[Date "2019.03.27"]
[Round "9"]
[White "Dreev, Alexei"]
[Black "Arutinian, David"]
[Result "1/2-1/2"]
[WhiteElo "2662"]
[BlackElo "2555"]
[EventDate "2019.03.18"]
[Board "30"]
[PlyCount "56"]

1.d4 Nf6 2.c4 e6 3.Nc3 Bb4 4.Nf3 O-O 5.Bd2 d5 6.e3 c5 7.a3 Bxc3 8.Bxc3 Ne4
9.Rc1 cxd4 10.Qxd4 Nxc3 11.Qxc3 dxc4 12.Bxc4 Nc6 13.O-O Bd7 14.Rfd1 Qe7 
15.b4 a6 16.Nd2 Rfd8 17.Nb3 Be8 18.Bd3 Rac8 19.Qb2 Nb8 20.Rxc8 Rxc8 21.Rd2
h6 22.h3 Bc6 23.Nd4 Bd5 24.Ne2 Nd7 25.Qd4 Qf6 26.Qxf6 Nxf6 27.f3 Nd7 28.
Rc2 Rxc2 1/2-1/2

[Event "20th EUR-ch"]
[Site "Skopje MKD"]
[Date "2019.03.27"]
[Round "9"]
[White "Safarli, Eltaj"]
[Black "Petrosian, Manuel"]
[Result "1-0"]
[WhiteElo "2662"]
[BlackElo "2564"]
[EventDate "2019.03.18"]
[Board "31"]
[PlyCount "79"]

1.e4 c6 2.d4 d5 3.exd5 cxd5 4.Bd3 Nc6 5.c3 Qc7 6.Ne2 Bg4 7.O-O e6 8.Qe1 
Bxe2 9.Qxe2 Bd6 10.g3 h5 11.Nd2 h4 12.Nf3 hxg3 13.hxg3 Nf6 14.Kg2 O-O-O 
15.Bg5 Kb8 16.Rh1 Rde8 17.Rae1 Nd7 18.Bd2 Qd8 19.Ng5 Qe7 20.Rxh8 Rxh8 21.
Rh1 Rxh1 22.Kxh1 Nd8 23.b3 e5 24.dxe5 Nxe5 25.Bc2 f6 26.Nf3 Nxf3 27.Qxf3 
Qf7 28.b4 Nc6 29.Bb3 Ne7 30.Qg4 g5 31.Kg2 Qg6 32.Qe6 Kc7 33.c4 dxc4 34.
Qxc4+ Kb8 35.Qe6 Qd3 36.Be3 Nf5 37.Qe8+ Kc7 38.Bxa7 g4 39.Qb8+ Kc6 40.Qc8+
1-0

[Event "20th EUR-ch"]
[Site "Skopje MKD"]
[Date "2019.03.27"]
[Round "9"]
[White "Stupak, Kirill"]
[Black "Melkumian, Hrant"]
[Result "1-0"]
[WhiteElo "2537"]
[BlackElo "2661"]
[EventDate "2019.03.18"]
[Board "32"]
[PlyCount "135"]

1.d4 Nf6 2.c4 e6 3.g3 d5 4.Nf3 dxc4 5.Qa4+ Nbd7 6.Bg2 a6 7.Qxc4 b5 8.Qc2 
Bb7 9.O-O c5 10.Nc3 Rc8 11.dxc5 Bxc5 12.a3 O-O 13.Bg5 Qb6 14.Bxf6 Nxf6 15.
e3 a5 16.Rfd1 Rc7 17.Qe2 Ba6 18.Bf1 Ra8 19.Nxb5 Nd5 20.a4 Rac8 21.Nfd4 Be7
22.Bg2 Nb4 23.Rd2 Rc5 24.Rad1 g6 25.h4 Kg7 26.Qf3 h5 27.Qe4 Bf6 28.Qf3 Rc1
29.Nd6 Rxd1+ 30.Qxd1 Rd8 31.N4b5 Qb8 32.Bf3 Kf8 33.Ne4 Rxd2 34.Qxd2 Be7 
35.Qd4 e5 36.Qd7 Bc8 37.Qd2 Be6 38.Qc3 Bd7 39.Qc4 Qc8 40.Ned6 Bxd6 41.Nxd6
Qxc4 42.Nxc4 Bxa4 43.Nxa5 Bb5 44.Bd1 Ke7 45.Bb3 f5 46.Bc4 Bxc4 47.Nxc4 e4 
48.f3 exf3 49.Kf2 Kf6 50.Kxf3 g5 51.e4 gxh4 52.gxh4 Ke6 53.Ne3 fxe4+ 54.
Kxe4 Nc6 55.Nd5 Ne5 56.Nf4+ Kd6 57.b3 Nd7 58.Kf5 Nc5 59.b4 Na6 60.b5 Nc5 
61.Nxh5 Ne6 62.Kf6 Nc5 63.Nf4 Ne4+ 64.Kg6 Ng3 65.b6 Kc6 66.Nd5 Ne4 67.h5 
Nc5 68.h6 1-0